|
|
|
|
| LEADER |
00000cam a2200000 i 4500 |
| 001 |
1/76101 |
| 008 |
960731s1985 gr | ||| |||| ||gre|| |
| 035 |
|
|
|a 198-
|c Αγορά
|l 10032308
|
| 040 |
|
|
|a GR-MyUa
|b gre
|e AACR2
|
| 041 |
0 |
|
|a gre
|
| 082 |
0 |
|
|a 889.09
|
| 100 |
1 |
|
|a Δημαράς, Κ. Θ.
|q (Κωνσταντίνος Θ.),
|d 1904-1992.
|
| 245 |
1 |
0 |
|a Ιστορία της νεοελληνικής λογοτεχνίας :
|b από τις πρώτες ρίζες ως την εποχή μας /
|c Κ.Θ. Δημαράς.
|
| 250 |
|
|
|a 7η εκδ.
|
| 260 |
|
|
|a Αθήνα :
|b Ικαρος,
|c 1985.
|
| 300 |
|
|
|a 721 σ. ;
|c 21 εκ.
|
| 650 |
|
0 |
|a Greek literature, Modern
|x History and criticism.
|
| 852 |
|
|
|a INST
|b RHODES
|e 19960731
|h 889.09 ΔΗΜ
|p N10011686
|q N10011686
|t BK
|y 12
|